Ocho Novelistas Norteamericanos
Αποθηκεύτηκε σε:
| Μορφή: | Βιβλίο |
|---|---|
| Γλώσσα: | Undetermined |
| Έκδοση: |
Madrid, España
Servicio de Informaciones de los Estados Unidos
1960
|
| Θέματα: | |
| Ετικέτες: |
Προσθήκη ετικέτας
Δεν υπάρχουν, Καταχωρήστε ετικέτα πρώτοι!
|
MARC
| LEADER | 00000nam a2200000Ia 4500 | ||
|---|---|---|---|
| 008 | 170316s9999 xx 000 0 und d | ||
| 090 | |a A-810 O-1o | ||
| 245 | |a Ocho Novelistas Norteamericanos | ||
| 260 | |a Madrid, España | ||
| 260 | |b Servicio de Informaciones de los Estados Unidos | ||
| 260 | |c 1960 | ||
| 300 | |a 57 páginas | ||
| 650 | |a LITERATURA ESTADOUNIDENSE | ||
| 650 | |a ANTOLOGÍA | ||
| 999 | |c 27648 |d 27648 | ||
| 040 | |a cru BVZT | ||
| 942 | |c 15 D |h A-810 O-1o |2 z | ||
